| 000 | 00487nam a2200157Ia 4500 | ||
|---|---|---|---|
| 008 | 170221s9999 xx 000 0 und d | ||
| 100 | _aJoseph DePasquale | ||
| 245 | _aHigh Energy Vision: Processing X-rays | ||
| 245 | _cJoseph DePasquale, Kimberly Arcand, Peter Edmonds | ||
| 260 | _bStudies in Media and Communication | ||
| 260 | _c2015 | ||
| 300 | _a3 : 2 | ||
| 650 | _xCommunication | ||
| 650 | _xMedia Arts | ||
| 856 | _uhttp://redfame.com/journal/index.php/smc/issue/view/42 | ||
| 999 |
_c307035 _d307035 |
||